| 000 | 01090nam0a22002411i 4500 | ||
|---|---|---|---|
| 001 | rc\4987957 | ||
| 005 | 20240726001128.0 | ||
| 021 |
_aRU _b[64-46721] |
||
| 035 | _a(NLR Aleph) 008970899 | ||
| 090 |
_a9124070 _c9124070 |
||
| 100 | _a20130430d1964 |||y0rusy50 ca | ||
| 101 | 0 | _arus | |
| 102 | _aRU | ||
| 105 | _ay d ||||| | ||
| 200 | 1 |
_aЛексико-фразеологические вопросы художественного перевода _e(Принципы перевода пословиц, поговорок и идиом с рус. на узб. яз.) _eАвтореферат дис. на соискание учен. степени кандидата филол. наук _fСамарк. гос. ун-т им. Алишера Навои |
|
| 210 |
_aТашкент _d1964 |
||
| 215 | _a31 с. | ||
| 320 | _aСписок работ автора, в конце текста (19 назв.) | ||
| 700 | 1 |
_aСалямов _bГ.Т. _gГайбулла Таджиддинович |
|
| 801 | 0 |
_aRU _bNLR _gpsbo |
|
| 801 | 1 |
_aRU _bELAR _2rusmarc |
|
| 852 |
_aNLR _j64-6/9314 |
||
| 942 | _cBOOK | ||